000 01098nam a22003257a 4500
003 CHAP
005 20220817041938.0
008 971013s1977 r 00010 d
010 _a29628
011 _a30600
035 _a34712
040 _cCHAP
082 _a632.6513
_bK8
100 0 0 _aKuiper, K.
_964049
245 _aIntroductie en vestiging van planteparasitaire aaltjes in nieuvie polders, in het bijzonder van Trichodorus teres
260 _aWageningen :
_bVeenman & Zonen,
_c1977
300 _a139 p.
_b: ilus.
490 _aMededelingen Landbouwhogeschool
_v; 77-4
590 _aBATCH-UPD
_b10
_c20130110
_lUCH01
_h1900
590 _aBATCH-UPD
_b10
_c20130410
_lUCH01
_h1228
590 _aBATCH-UPD
_b10
_c20130914
_lUCH01
_h1605
590 _aCONVERSION
_b10
_c20130109
_lUCH01
_h1317
650 1 4 _aHemicycliophora.
_953500
650 1 4 _aNemátodos parásitos de plantas.
650 1 4 _aTrichodorus.
_9114926
830 0 _aMededelingen Landbouwhogeschool
_v; 77-4
_973858
901 _aBK
942 _cLIBRO
949 _a632.6513 K8
_bBC
_cLIBRO
_d33724000580106
_eLIBRO
_h43599
_i34712
_si
999 _c29628
_d29628